000 00534nam a2200169 i 4500
001 35783
003 ES-MaACL
005 20230906155219.0
007 t|
008 030214s1966 sp ||||1| spa d
100 1 _aBoulard, Fernand.
_930901
245 1 0 _aMundo rural y compromiso cristiano /
_cFernand Boulard.
260 _aBarcelona :
_bInstituto Católico de Estudios Sociales,
_c[1966]
300 _a90 p. ;
_c19 cm.
710 2 _aInstitut Catòlic d'Estudis Socials de Barcelona.
_94738
852 _aES-MaACL
_jC-30660
_bR.70298
999 _c35783
_d35783